| 000 | 02030nam a22002537a 4500 | ||
|---|---|---|---|
| 999 |
_c58476 _d58476 |
||
| 003 | Ge_BSU | ||
| 005 | 20220325100756.0 | ||
| 008 | 220325s2019 ge ||||| |||| 00| 0 geo d | ||
| 020 | _a9789941809095 | ||
| 041 | _ageo | ||
| 080 | _a347.992 ა-96 | ||
| 100 |
_aახალაძე, მაია. _913618 |
||
| 245 |
_aუსაფუძვლო გამდიდრება : (2005-2018 წლის I ნახევარი) : _bსაქართველოს უზენაესი სასამართლოს სამოქალაქო საქმეთა პალატის პრაქტიკის ანალიზი / _c მაია ახალაძე ; რედაქტორი სანდრო ჯორბენაძე ; საქართველოს უზენაესი სასამართლოს ეროვნული სასამართლო პრაქტიკის შესწავლისა და განზოგადების განყოფილება. |
||
| 264 |
_aთბილისი, _c2019. |
||
| 300 |
_a188 გვ. ; _b20 სმ. |
||
| 500 | _aავტორი გარეკანზე აღნიშნული არ არის. | ||
| 504 | _aბიბლიოგრაფია ტექსტის შენიშვნებში. | ||
| 653 | _aსააპელაციო სასამართლო | ||
| 653 | _aსასამართლო სარჩელი | ||
| 653 | _aვალდებულებითი სამართალი. | ||
| 700 |
_aჯორბენაძე, სანდრო _eრედაქტორი _97936 |
||
| 710 |
_aსაქართველოს უზენაესი სასამართლო. _bეროვნული სასამართლო პრაქტიკის შესწავლისა და განზოგადების განყოფილება. _913619 |
||
| 942 |
_2udc _cBK |
||